[Event "North American op 28th"]
[Site "Las Vegas"]
[Date "2018.12.27"]
[Round "3"]
[White "Li, Ruifeng"]
[Black "Breckenridge, Steven James"]
[Result "1/2-1/2"]
[WhiteElo "2559"]
[BlackElo "2289"]
[PlyCount "138"]
[EventDate "2018.12.26"]
[EventType "swiss"]
[EventRounds "9"]
[EventCountry "USA"]
[SourceTitle "CBM 188 Extra"]
[Source "ChessBase"]
[SourceDate "2019.02.26"]
[SourceVersion "1"]
[SourceVersionDate "2019.02.26"]
[SourceQuality "1"]

1. b3 e5 2. Bb2 Nc6 3. Nf3 e4 4. Nd4 Qf6 5. e3 Bc5 6. Nb5 Qxb2 7. N1c3 Nb4 8. Rb1 Qxc2 9. Nxc7+ Kd8 10. Nxa8 Nf6 11. Rc1 Nd3+ 12. Bxd3 Qxd3 13. b4 Bxb4 14. Qa4 Bxc3 15. Rxc3 Qb1+ 16. Qd1 Qxd1+ 17. Kxd1 Nd5 18. Rc4 b5 19. Rc5 Bb7 20. Rxb5 Kc8 21. Ke2 Bxa8 22. Rhb1 Nb6 23. Ra5 Kb8 24. Rg5 g6 25. a4 f6 26. Rgb5 Bc6 27. a5 Bxb5+ 28. Rxb5 Kc7 29. axb6+ axb6 30. d3 Kc6 31. Rb4 exd3+ 32. Kxd3 b5 33. g4 g5 34. h4 Kc5 35. Rb1 h5 36. hxg5 fxg5 37. gxh5 Rxh5 38. Rc1+ Kb4 39. Rb1+ Kc5 40. Rc1+ Kb4 41. Rb1+ Ka5 42. Ra1+ Kb6 43. Rg1 d6 44. f3 Rh3 45. Ke4 Kc5 46. Rxg5+ Kc4 47. Rd5 Rh6 48. Rd4+ Kc3 49. Kd5 b4 50. Rc4+ Kb3 51. Rc8 Rf6 52. f4 Ka3 53. Kc4 d5+ 54. Kxd5 Rb6 55. e4 b3 56. Rc3 Kb4 57. Rc1 b2 58. Rf1 Kc3 59. e5 b1Q 60. Rxb1 Rxb1 61. e6 Rd1+ 62. Kc6 Re1 63. Kd6 Rd1+ 64. Kc7 Re1 65. f5 Re5 66. Kd6 Rxf5 67. e7 Rf6+ 68. Kd5 Rf5+ 69. Kd6 Rf6+ 1/2-1/2

[Event "Seattle Summer Classic 2nd"]
[Site "Seattle"]
[Date "2018.08.18"]
[Round "7"]
[White "Mahajan, Rushaan"]
[Black "Breckenridge, Steven James"]
[Result "1/2-1/2"]
[WhiteElo "2004"]
[BlackElo "2305"]
[PlyCount "64"]
[EventDate "2018.08.15"]
[EventType "swiss"]
[EventRounds "9"]
[EventCountry "USA"]
[SourceTitle "EXT 2023"]
[Source "ChessBase"]
[SourceDate "2022.10.05"]
[SourceVersion "1"]
[SourceVersionDate "2022.10.05"]
[SourceQuality "1"]

1. d4 Nf6 2. Bf4 d6 3. e3 Nbd7 4. Nf3 Nh5 5. Bg5 h6 6. Bh4 g5 7. Nbd2 Ndf6 8. Bg3 c5 9. dxc5 Nxg3 10. hxg3 dxc5 11. e4 Bg7 12. c3 0-0 13. Be2 b5 14. Bxb5 Qb6 15. Qb3 Be6 16. Bc4 Bxc4 17. Qxb6 axb6 18. Nxc4 Nxe4 19. Nxb6 Ra6 20. Nc4 Nd6 21. Nfd2 Nxc4 22. Nxc4 Ra4 23. Nb6 Re4+ 24. Kf1 Rb8 25. f3 Re6 26. Nc4 Ra6 27. a4 e5 28. Ke2 Re6 29. Rhd1 e4 30. Kf2 exf3 31. gxf3 g4 32. f4 Re4 1/2-1/2

[Event "Seattle Masters-A 04"]
[Site "Seattle"]
[Date "2018.04.07"]
[Round "3"]
[White "Breckenridge, Steven James"]
[Black "Pupols, Viktors"]
[Result "1/2-1/2"]
[WhiteElo "2322"]
[BlackElo "1937"]
[PlyCount "159"]
[EventDate "2018.04.07"]
[EventType "swiss"]
[EventRounds "3"]
[EventCountry "USA"]
[SourceTitle "EXT 2023"]
[Source "ChessBase"]
[SourceDate "2022.10.05"]
[SourceVersion "1"]
[SourceVersionDate "2022.10.05"]
[SourceQuality "1"]

1. e4 c6 2. d4 d5 3. Nc3 dxe4 4. Nxe4 Nf6 5. Nxf6+ exf6 6. c3 Bd6 7. Bd3 0-0 8. Qc2 Re8+ 9. Ne2 h5 10. Be3 Nd7 11. Ng3 h4 12. Nf5 Nb6 13. Nxh4 Nd5 14. Kd2 c5 15. Bh7+ Kf8 16. Bf5 cxd4 17. Bxd4 Bf4+ 18. Kd1 Nb4 19. Qb3 Nc6 20. Bxc8 Qxc8 21. g3 Nxd4 22. cxd4 Qd7 23. Qd3 Be5 24. Nf3 Bxd4 25. Qxd4 Qxd4+ 26. Nxd4 Rad8 27. Kc2 Rxd4 28. Rae1 Rc8+ 29. Kb1 g6 30. Re2 Rd7 31. Rhe1 f5 32. a3 Kg7 33. Re7 Rcc7 34. R7e2 Kf6 35. Ka2 Rc6 36. Rg1 Rc4 37. f4 Rc8 38. Rgg2 Rc6 39. a4 Rc4 40. b3 Rcd4 41. Kb2 R4d5 42. Rc2 Rd3 43. Rge2 R3d5 44. Re3 Rd1 45. Rec3 R1d4 46. Rc7 Rd3 47. a5 Ke7 48. R7c4 R3d6 49. Ka3 Rd5 50. b4 a6 51. Ka4 Rd1 52. Rc7 Ra1+ 53. Kb3 Rad1 54. R7c3 R1d4 55. Rc8 Rd3+ 56. Ka4 Rd1 57. R2c7 Ra1+ 58. Kb3 Rb1+ 59. Ka3 Rbd1 60. Rxd7+ Rxd7 61. Kb3 Kd6 62. b5 axb5 63. Kb4 Re7 64. Kxb5 Re2 65. Rb8 Rb2+ 66. Kc4 Rc2+ 67. Kd4 Ra2 68. Rxb7 Ra4+ 69. Ke3 Rxa5 70. Rxf7 Ke6 71. Rg7 Ra3+ 72. Kf2 Kf6 73. Rd7 Ra2+ 74. Kg1 Rb2 75. Rd1 Ra2 76. Rf1 Rb2 77. Rf2 Rb6 78. Kg2 Ra6 79. Rb2 Rc6 80. Re2 1/2-1/2

[Event "Seattle Super Masters-A"]
[Site "Seattle"]
[Date "2018.03.04"]
[Round "4"]
[White "Breckenridge, Steven James"]
[Black "Gorovets, Andrey"]
[Result "0-1"]
[WhiteElo "2325"]
[BlackElo "2496"]
[PlyCount "107"]
[EventDate "2018.03.02"]
[EventType "swiss"]
[EventRounds "5"]
[EventCountry "USA"]
[SourceTitle "EXT 2023"]
[Source "ChessBase"]
[SourceDate "2022.10.05"]
[SourceVersion "1"]
[SourceVersionDate "2022.10.05"]
[SourceQuality "1"]

1. e4 g6 2. d4 Bg7 3. Nc3 c6 4. Nf3 d5 5. h3 Nh6 6. Bd3 f6 7. Bxh6 Bxh6 8. Qe2 Qa5 9. 0-0 e6 10. exd5 cxd5 11. Bb5+ Kf7 12. Rfe1 Rd8 13. Rad1 a6 14. Ba4 b5 15. Bb3 Ra7 16. g4 Qc7 17. h4 Qf4 18. g5 fxg5 19. Ne5+ Kg7 20. h5 gxh5 21. Qxh5 Qh4 22. Qe2 g4 23. Qxg4+ Qxg4+ 24. Nxg4 Bg5 25. Ne5 Rf8 26. a4 b4 27. Na2 a5 28. Nc1 Kh8 29. Kh1 Rf4 30. Rd3 Rxf2 31. Rg1 Bxc1 32. Rdg3 Rf8 33. Rxc1 Nd7 34. Nc6 Rc7 35. Nxa5 Rf4 36. c3 Nf6 37. Kg1 Ne4 38. Rg2 bxc3 39. bxc3 Nxc3 40. Kh2 Rh4+ 41. Kg3 Rxd4 42. Rgc2 Rg7+ 43. Kf2 Rf4+ 44. Ke3 e5 45. Rh1 d4+ 46. Kd2 Bf5 47. Rb2 Rg2+ 48. Kc1 Ne2+ 49. Kd1 Bg4 50. Ke1 Re4 51. Kf1 Bf3 52. Rh3 Nf4 53. Rh2 Be2+ 54. Rxe2 0-1

[Event "PRO League Stage"]
[Site "Chess.com INT"]
[Date "2018.02.03"]
[Round "4"]
[White "Wang, Annie"]
[Black "Breckenridge, Steven James"]
[Result "0-1"]
[WhiteElo "2330"]
[BlackElo "2312"]
[PlyCount "147"]
[EventDate "2018.01.18"]
[EventType "team-swiss (rapid)"]
[EventRounds "9"]
[EventCountry "USA"]
[SourceTitle "CBM 182 Extra"]
[Source "ChessBase"]
[SourceDate "2018.02.23"]
[SourceVersion "1"]
[SourceVersionDate "2018.02.23"]
[SourceQuality "1"]
[WhiteTeam "Saint Louis Arch Bishops"]
[BlackTeam "Dallas Destiny"]
[WhiteTeamCountry "USA"]
[BlackTeamCountry "USA"]

1. d4 Nf6 2. c4 g6 3. Nc3 Bg7 4. e4 0-0 5. Nf3 d6 6. Be2 e5 7. Be3 Nbd7 8. dxe5 dxe5 9. Nd2 c6 10. 0-0 Qe7 11. Rc1 Nc5 12. b4 Ne6 13. c5 Rd8 14. Bc4 Nd4 15. Qa4 Ng4 16. Bxd4 Rxd4 17. Qc2 Bh6 18. Ncb1 a5 19. a3 axb4 20. axb4 Be6 21. Rcd1 Rad8 22. Bxe6 Qxe6 23. Nf3 R4d7 24. Nc3 Nf6 25. Rxd7 Rxd7 26. Na4 Ne8 27. Nb6 Rd8 28. Rd1 Qa2 29. Qb1 Qb2 30. h3 Qxb1 31. Rxb1 Nc7 32. Nxe5 Re8 33. Ng4 Bg5 34. f4 Bd8 35. Rd1 h5 36. Nf2 Bh4 37. e5 g5 38. g3 Bxg3 39. Ne4 Bxf4 40. Nf6+ Kf8 41. Nxe8 Kxe8 42. Nc4 Nd5 43. b5 Ke7 44. b6 Ne3 45. Rc1 Nxc4 46. Rxc4 Ke6 47. Ra4 Be3+ 48. Kg2 Bxc5 49. Ra7 Bxb6 50. Rxb7 Bd4 51. Rc7 c5 52. Kf3 Bg1 53. Ke4 g4 54. hxg4 hxg4 55. Rc6+ Kd7 56. Rd6+ Ke7 57. Kf5 g3 58. Kg4 Bd4 59. Ra6 g2 60. Ra7+ Kf8 61. Ra8+ Kg7 62. Kf3 g1R 63. Ke4 Re1+ 64. Kd5 Rxe5+ 65. Kc4 Re3 66. Ra7 Rc3+ 67. Kd5 Rc1 68. Ra4 Kg6 69. Ra6+ f6 70. Ra4 Be5 71. Re4 c4 72. Rg4+ Kf5 73. Rg2 c3 74. Rf2+ 0-1

[Event "PRO League Stage"]
[Site "Chess.com INT"]
[Date "2018.01.25"]
[Round "2"]
[White "Hevia Alejano, Carlos Antonio"]
[Black "Breckenridge, Steven James"]
[Result "1-0"]
[WhiteElo "2488"]
[BlackElo "2312"]
[PlyCount "82"]
[EventDate "2018.01.18"]
[EventType "team-swiss (rapid)"]
[EventRounds "9"]
[EventCountry "USA"]
[SourceTitle "CBM 182 Extra"]
[Source "ChessBase"]
[SourceDate "2018.02.23"]
[SourceVersion "1"]
[SourceVersionDate "2018.02.23"]
[SourceQuality "1"]
[WhiteTeam "Rio Grande Ospreys"]
[BlackTeam "Dallas Destiny"]
[WhiteTeamCountry "USA"]
[BlackTeamCountry "USA"]

1. c4 e5 2. Nc3 Nf6 3. g3 d5 4. cxd5 Nxd5 5. Bg2 Nb6 6. d3 Be7 7. Be3 0-0 8. Rc1 Nc6 9. Bxc6 bxc6 10. Nf3 Bh3 11. Nxe5 Bf6 12. Nxc6 Qd7 13. Ne4 Bxb2 14. Rc2 f5 15. Ng5 Bg2 16. Rg1 Bxc6 17. Rxb2 h6 18. Nf3 Bxf3 19. exf3 Nd5 20. Kf1 Rab8 21. Rxb8 Rxb8 22. Bxa7 Ra8 23. Qb3 Kh7 24. Bd4 Qf7 25. Kg2 Rxa2 26. Rb1 Ra5 27. Qc4 Qd7 28. Re1 Ra4 29. Qc5 f4 30. Be5 Ne3+ 31. Rxe3 fxe3 32. Qxe3 c5 33. Qxc5 Qxd3 34. Bxg7 Ra3 35. Qf8 Ra7 36. Qh8+ Kg6 37. Qxh6+ Kf7 38. Qf6+ Kg8 39. Qf8+ Kh7 40. Qh8+ Kg6 41. Bd4 Ra3 1-0

[Event "Seattle Classic op"]
[Site "Seattle"]
[Date "2017.08.16"]
[Round "1"]
[White "Breckenridge, Steven James"]
[Black "Levine, Joseph1111"]
[Result "1/2-1/2"]
[WhiteElo "2292"]
[BlackElo "1791"]
[PlyCount "48"]
[EventDate "2017.08.16"]
[EventType "swiss"]
[EventRounds "9"]
[EventCountry "USA"]
[SourceTitle "EXT 2023"]
[Source "ChessBase"]
[SourceDate "2022.10.05"]
[SourceVersion "1"]
[SourceVersionDate "2022.10.05"]
[SourceQuality "1"]

1. e4 e6 2. d4 d5 3. Nd2 Nf6 4. e5 Nfd7 5. Bd3 c5 6. c3 Nc6 7. Ne2 Qb6 8. 0-0 cxd4 9. cxd4 Nxd4 10. Nxd4 Qxd4 11. Nf3 Qb6 12. Qa4 Qb4 13. Qc2 Be7 14. Bd2 Qb6 15. Rfc1 h6 16. Qa4 Qd8 17. Bb5 a6 18. Nd4 0-0 19. Bxd7 Bxd7 20. Qb3 Qb8 21. Rc3 Qxe5 22. Rg3 g5 23. Nf3 Qf5 24. Qxb7 Rfd8 1/2-1/2

[Event "PRO League Stage"]
[Site "Chess.com INT"]
[Date "2017.02.22"]
[Round "7"]
[White "Stearman, Josiah P"]
[Black "Breckenridge, Steven James"]
[Result "0-1"]
[WhiteElo "2150"]
[BlackElo "2239"]
[PlyCount "56"]
[EventDate "2017.01.11"]
[EventType "team-swiss (rapid)"]
[EventRounds "7"]
[EventCountry "USA"]
[SourceTitle "EXT 2018"]
[Source "ChessBase"]
[SourceDate "2017.10.13"]
[SourceVersion "1"]
[SourceVersionDate "2017.10.13"]
[SourceQuality "1"]
[WhiteTeam "San Francisco Mechanics"]
[BlackTeam "Portland Rain"]
[WhiteTeamCountry "USA"]
[BlackTeamCountry "USA"]

1. e4 e5 2. Nf3 Nc6 3. Bc4 Nf6 4. Ng5 d5 5. exd5 b5 6. Bf1 Nd4 7. c3 Nxd5 8. cxd4 Qxg5 9. Bxb5+ Kd8 10. Qf3 Bb7 11. 0-0 Rb8 12. d3 Qg6 13. Qh3 Bc8 14. Qf3 Rxb5 15. a4 Bg4 16. Qe4 Bf5 17. Qf3 e4 18. Qg3 Rb7 19. Nd2 exd3 20. Qf3 c6 21. Nc4 Bg4 22. Qg3 Be2 23. Bg5+ f6 24. Na5 Rc7 25. Rfc1 Qxg5 26. Nxc6+ Ke8 27. Qh3 Nf4 28. Qe3+ Be7 0-1

[Event "PRO League Stage"]
[Site "Chess.com INT"]
[Date "2017.02.15"]
[Round "6"]
[White "Shabalov, Alexander"]
[Black "Breckenridge, Steven James"]
[Result "1-0"]
[WhiteElo "2563"]
[BlackElo "2239"]
[PlyCount "95"]
[EventDate "2017.01.11"]
[EventType "team-swiss (rapid)"]
[EventRounds "7"]
[EventCountry "USA"]
[SourceTitle "CBM 176 Extra"]
[Source "ChessBase"]
[SourceDate "2017.03.02"]
[SourceVersion "1"]
[SourceVersionDate "2017.03.02"]
[SourceQuality "1"]
[WhiteTeam "Pittsburgh Pawngrabbers"]
[BlackTeam "Portland Rain"]
[WhiteTeamCountry "USA"]
[BlackTeamCountry "USA"]

1. e4 e5 2. f4 Bc5 3. Nf3 d6 4. Bc4 Nf6 5. d3 Nc6 6. Nc3 Bg4 7. Na4 Nd4 8. Nxc5 dxc5 9. fxe5 Nxe4 10. 0-0 Bxf3 11. gxf3 Ng5 12. f4 Nh3+ 13. Kg2 Qh4 14. c3 g5 15. fxg5 Ne6 16. Qe1 Qg4+ 17. Kh1 Nhxg5 18. Qg3 Qxg3 19. hxg3 c6 20. a4 b6 21. Be3 Rg8 22. Rf6 0-0-0 23. Raf1 Rg7 24. Kh2 Rd7 25. R1f5 Kb7 26. Bxg5 Nxg5 27. Bxf7 Rxd3 28. e6 Re3 29. Rf1 Ne4 30. R6f3 Re2+ 31. Kh3 Ng5+ 32. Kh4 Nxf3+ 33. Rxf3 Kc7 34. Rd3 Kc8 35. Kh3 b5 36. axb5 cxb5 37. Rd5 Kb7 38. Rxc5 Kb6 39. Rf5 a5 40. g4 b4 41. cxb4 axb4 42. g5 Re1 43. Kg4 Rg1+ 44. Kf4 Rf1+ 45. Ke5 Re1+ 46. Kf6 Rg6+ 47. Bxg6 hxg6 48. Re5 1-0

[Event "PRO League Stage"]
[Site "Chess.com INT"]
[Date "2017.02.11"]
[Round "5"]
[White "Tadic, Branko"]
[Black "Breckenridge, Steven James"]
[Result "1-0"]
[WhiteElo "2472"]
[BlackElo "2239"]
[PlyCount "95"]
[EventDate "2017.01.11"]
[EventType "team-swiss (rapid)"]
[EventRounds "7"]
[EventCountry "USA"]
[SourceTitle "CBM 176 Extra"]
[Source "ChessBase"]
[SourceDate "2017.03.02"]
[SourceVersion "1"]
[SourceVersionDate "2017.03.02"]
[SourceQuality "1"]
[WhiteTeam "Belgrade Sparrows"]
[BlackTeam "Portland Rain"]
[WhiteTeamCountry "SRB"]
[BlackTeamCountry "USA"]

1. Nf3 Nf6 2. c4 g6 3. g3 Bg7 4. Bg2 0-0 5. 0-0 d6 6. d4 Nc6 7. d5 Ne5 8. Nxe5 dxe5 9. Nc3 Ne8 10. Qb3 Rb8 11. Rd1 b6 12. Nb5 a6 13. Na7 Bb7 14. Be3 Nd6 15. Nc6 Bxc6 16. dxc6 Qe8 17. Rac1 e4 18. Qa4 Bxb2 19. Rb1 Bg7 20. c5 bxc5 21. Bxc5 f5 22. e3 Ra8 23. Rb3 Nb5 24. Qc4+ Qf7 25. Bf1 Rfd8 26. Rd7 Rxd7 27. cxd7 Rd8 28. Qa4 c6 29. Qxa6 Qd5 30. Bxe7 Rxd7 31. Qc8+ Kf7 32. Bc4 Qxc4 33. Qxd7 Qe6 34. Qxe6+ Kxe6 35. Bb4 Kd5 36. a4 Nc7 37. Bd2 Be5 38. a5 c5 39. Kf1 c4 40. Rb7 Kc6 41. Rb6+ Kd5 42. a6 c3 43. Bxc3 Bxc3 44. a7 Be5 45. Rb7 Na8 46. Rb8 Kc6 47. Rxa8 Kb7 48. Re8 1-0

[Event "PRO League Pacific"]
[Site "Chess.com INT"]
[Date "2017.02.01"]
[Round "4"]
[White "Breckenridge, Steven James"]
[Black "Zherebukh, Yaroslav"]
[Result "1/2-1/2"]
[WhiteElo "2239"]
[BlackElo "2617"]
[PlyCount "100"]
[EventDate "2017.01.11"]
[EventType "team-swiss (rapid)"]
[EventRounds "7"]
[EventCountry "USA"]
[SourceTitle "CBM 176 Extra"]
[Source "ChessBase"]
[SourceDate "2017.03.02"]
[SourceVersion "1"]
[SourceVersionDate "2017.03.02"]
[SourceQuality "1"]
[WhiteTeam "Portland Rain"]
[BlackTeam "St Louis Arch Bishops"]
[WhiteTeamCountry "USA"]
[BlackTeamCountry "USA"]

1. e4 c5 2. c3 e6 3. d4 d5 4. exd5 exd5 5. Nf3 Nc6 6. Bb5 Bd6 7. 0-0 Nge7 8. dxc5 Bxc5 9. Nbd2 0-0 10. Nb3 Bb6 11. Re1 Bg4 12. Be3 Bc7 13. Bc5 Re8 14. Nbd4 Bd6 15. Bxd6 Qxd6 16. Qd2 a6 17. Bd3 h6 18. Re3 Nxd4 19. Nxd4 Nc6 20. Rae1 Rxe3 21. Qxe3 Bd7 22. Nf5 Bxf5 23. Bxf5 Kf8 24. Qb6 Rb8 25. g3 g6 26. Bh3 d4 27. Rd1 d3 28. Bg2 d2 29. Bxc6 bxc6 30. Rxd2 Rxb6 31. Rxd6 Rxb2 32. a4 Ra2 33. Rxc6 Rxa4 34. Rc7 Ra2 35. Ra7 Kg7 36. c4 Kf6 37. c5 a5 38. c6 Rc2 39. Rxa5 Rxc6 40. Kg2 h5 41. h4 Rd6 42. Rb5 Re6 43. Ra5 Rd6 44. Rb5 Rc6 45. Ra5 Rb6 46. Rc5 Ra6 47. Rb5 Rc6 48. Ra5 Rb6 49. Rc5 Ra6 50. Rb5 Rc6 1/2-1/2

[Event "PRO League Pacific"]
[Site "Chess.com INT"]
[Date "2017.02.01"]
[Round "4"]
[White "Lehmann, Spencer G"]
[Black "Breckenridge, Steven James"]
[Result "0-1"]
[WhiteElo "2040"]
[BlackElo "2239"]
[PlyCount "70"]
[EventDate "2017.01.11"]
[EventType "team-swiss (rapid)"]
[EventRounds "7"]
[EventCountry "USA"]
[SourceTitle "CBM 176 Extra"]
[Source "ChessBase"]
[SourceDate "2017.03.02"]
[SourceVersion "1"]
[SourceVersionDate "2017.03.02"]
[SourceQuality "1"]
[WhiteTeam "St Louis Arch Bishops"]
[BlackTeam "Portland Rain"]
[WhiteTeamCountry "USA"]
[BlackTeamCountry "USA"]

1. d4 Nf6 2. c4 g6 3. Nc3 Bg7 4. e4 d6 5. f3 0-0 6. Bg5 c5 7. d5 h6 8. Be3 Nbd7 9. Qd2 Kh7 10. Nh3 a6 11. a4 Qa5 12. Nf2 Ne5 13. Be2 Qb4 14. Ncd1 a5 15. f4 Neg4 16. Bxg4 Nxg4 17. Nxg4 Bxg4 18. Nf2 Bd7 19. 0-0 Qxc4 20. e5 Bxa4 21. f5 Bxe5 22. g3 Bg7 23. Nd3 Bd7 24. Nf4 Bxf5 25. Rac1 Qb4 26. Qg2 Qxb2 27. Rf2 Qb3 28. Re1 Bc3 29. Ref1 a4 30. Nh5 a3 31. g4 a2 32. gxf5 gxh5 33. f6 Rg8 34. fxe7 f6 35. Kh1 Rxg2 0-1

[Event "Edmonton"]
[Site "Edmonton"]
[Date "2015.11.11"]
[Round "9"]
[White "Kraai, Jesse"]
[Black "Breckenridge, Steven James"]
[Result "1-0"]
[WhiteElo "2506"]
[BlackElo "2330"]
[PlyCount "101"]
[EventDate "2015.11.06"]
[EventType "tourn"]
[EventRounds "9"]
[EventCountry "CAN"]
[EventCategory "2"]
[SourceTitle "CBM 169 Extra"]
[Source "ChessBase"]
[SourceDate "2015.12.18"]
[SourceVersion "1"]
[SourceVersionDate "2015.12.18"]
[SourceQuality "1"]

1. Nf3 Nf6 2. c4 e6 3. g3 d5 4. Bg2 Be7 5. 0-0 0-0 6. d4 dxc4 7. Qc2 a6 8. a4 Bd7 9. Qxc4 Bc6 10. Bf4 a5 11. Nc3 Na6 12. Rac1 Nb4 13. Ne5 Bxg2 14. Kxg2 Nfd5 15. Nxd5 Qxd5+ 16. Qxd5 Nxd5 17. Bd2 c6 18. e3 Bb4 19. Rfd1 Rfd8 20. Nd3 Bxd2 21. Rxd2 Ra6 22. Rc5 Kf8 23. Kf3 Ke7 24. Ne5 Nb6 25. b3 Nd7 26. Nxd7 Rxd7 27. e4 Rd6 28. Ke3 Kd7 29. h4 Ra8 30. g4 Kc7 31. f4 b6 32. Rc4 Rad8 33. e5 Rd5 34. Rdc2 Kb7 35. Rxc6 Rxd4 36. Rc7+ Ka6 37. Rxf7 Rd3+ 38. Kf2 Rxb3 39. f5 exf5 40. gxf5 Rd4 41. Rxg7 Rxa4 42. f6 Rf4+ 43. Kg2 a4 44. Re2 a3 45. Rg3 Rxg3+ 46. Kxg3 Rf1 47. Ra2 Kb5 48. Rxa3 Kc6 49. Rf3 Rg1+ 50. Kf4 Kd7 51. Kf5 1-0

[Event "USA tt"]
[Site "ICC INT"]
[Date "2015.09.22"]
[Round "5"]
[White "Feng, Roland"]
[Black "Breckenridge, Steven James"]
[Result "1/2-1/2"]
[WhiteElo "2327"]
[BlackElo "2333"]
[PlyCount "42"]
[EventDate "2015.08.25"]
[EventType "team-swiss"]
[EventRounds "10"]
[EventCountry "USA"]
[SourceTitle "EXT 2016"]
[Source "ChessBase"]
[SourceDate "2015.10.08"]
[SourceVersion "1"]
[SourceVersionDate "2015.10.08"]
[SourceQuality "1"]
[WhiteTeam "Seattle"]
[BlackTeam "Lubbock"]
[WhiteTeamCountry "USA"]
[BlackTeamCountry "USA"]

1. d4 Nf6 2. c4 g6 3. Nc3 Bg7 4. Nf3 d6 5. Bg5 h6 6. Bh4 g5 7. Bg3 Nh5 8. e3 c5 9. d5 Nd7 10. Qc2 a6 11. a4 Qa5 12. Be2 Nb6 13. Nd2 Nxg3 14. hxg3 Bd7 15. 0-0 Rb8 16. Nb3 Qb4 17. Na2 Qxa4 18. Nac1 Qb4 19. Na2 Qa4 20. Nc3 Qb4 21. Na2 Qa4 1/2-1/2

[Event "USA tt"]
[Site "ICC INT"]
[Date "2015.09.08"]
[Round "3"]
[White "Bartholomew, John"]
[Black "Breckenridge, Steven James"]
[Result "1-0"]
[WhiteElo "2449"]
[BlackElo "2333"]
[PlyCount "109"]
[EventDate "2015.08.25"]
[EventType "team-swiss"]
[EventRounds "10"]
[EventCountry "USA"]
[SourceTitle "EXT 2016"]
[Source "ChessBase"]
[SourceDate "2015.10.08"]
[SourceVersion "1"]
[SourceVersionDate "2015.10.08"]
[SourceQuality "1"]
[WhiteTeam "Minnesota"]
[BlackTeam "Lubbock"]
[WhiteTeamCountry "USA"]
[BlackTeamCountry "USA"]

1. Nf3 Nf6 2. c4 e6 3. Nc3 d5 4. d4 Be7 5. Bf4 0-0 6. Rc1 c6 7. e3 Nbd7 8. a3 Nh5 9. Bd3 Nxf4 10. exf4 dxc4 11. Bxc4 Nb6 12. Bd3 Nd5 13. g3 Nxc3 14. Rxc3 b6 15. Be4 Bb7 16. Ne5 Rc8 17. 0-0 Bf6 18. Qa4 a5 19. Rfc1 b5 20. Qc2 g6 21. Bxc6 Bxe5 22. dxe5 Rxc6 23. Rxc6 Qd5 24. Qc5 Qf3 25. Qxb5 Rb8 26. Qb6 Kg7 27. Qc7 a4 28. h4 h5 29. Qxb8 Bxc6 30. Rxc6 Qxc6 31. Qb4 Qc1+ 32. Kg2 Qc6+ 33. Kf1 Qc1+ 34. Ke2 Qc2+ 35. Ke3 Qc1+ 36. Qd2 Qc5+ 37. Qd4 Qc2 38. Qc3 Qd1 39. Qd2 Qb3+ 40. Ke2 Qb5+ 41. Ke1 Qc4 42. Qb4 Qc1+ 43. Ke2 Qc2+ 44. Kf1 Qc1+ 45. Kg2 Qc6+ 46. Kh2 Qc2 47. Qd4 Qe2 48. Kg1 Qe1+ 49. Kg2 Qa5 50. Qc4 Qa8+ 51. Kg1 Qa5 52. Qb4 Qc7 53. Qxa4 Qc1+ 54. Kg2 Qxb2 55. Qa8 1-0

[Event "Brownsville IM"]
[Site "Brownsville"]
[Date "2015.05.17"]
[Round "8"]
[White "Breckenridge, Steven James"]
[Black "Santarius, Erik F"]
[Result "1-0"]
[WhiteElo "2331"]
[BlackElo "2308"]
[PlyCount "43"]
[EventDate "2015.05.13"]
[EventType "tourn"]
[EventRounds "9"]
[EventCountry "USA"]
[SourceTitle "CBM 166 Extra"]
[Source "ChessBase"]
[SourceDate "2015.06.18"]
[SourceVersion "1"]
[SourceVersionDate "2015.06.18"]
[SourceQuality "1"]

1. e4 d5 2. exd5 Qxd5 3. Nc3 Qd6 4. d4 Nf6 5. Bc4 c6 6. Nge2 Bg4 7. f3 Bf5 8. Bf4 Qb4 9. Bb3 e6 10. Qd2 Nbd7 11. 0-0-0 Nb6 12. g4 Bg6 13. a3 Qe7 14. Bg3 Qd7 15. h4 h5 16. Nf4 Nfd5 17. Nxg6 fxg6 18. Ne4 0-0-0 19. Qa5 a6 20. c4 Nxc4 21. Bxc4 Ne3 22. Bxe6 1-0

[Event "Brownsville IM"]
[Site "Brownsville"]
[Date "2015.05.14"]
[Round "3"]
[White "Breckenridge, Steven James"]
[Black "Almeida Saenz, Alfonso"]
[Result "0-1"]
[WhiteElo "2331"]
[BlackElo "2321"]
[PlyCount "124"]
[EventDate "2015.05.13"]
[EventType "tourn"]
[EventRounds "9"]
[EventCountry "USA"]
[SourceTitle "CBM 166 Extra"]
[Source "ChessBase"]
[SourceDate "2015.06.18"]
[SourceVersion "1"]
[SourceVersionDate "2015.06.18"]
[SourceQuality "1"]

1. e4 c5 2. c3 d6 3. d4 Nf6 4. Bd3 g6 5. Nf3 Bg7 6. dxc5 dxc5 7. e5 Nd5 8. Bb5+ Nc6 9. Bxc6+ bxc6 10. Qa4 Qb6 11. 0-0 Qa6 12. Qh4 h6 13. Nbd2 Bf5 14. Nb3 c4 15. Nc5 Qb5 16. Qd4 Nb6 17. a4 Qa5 18. Bd2 Nd7 19. Nxd7 Bxd7 20. Qxc4 Qc7 21. Bf4 Be6 22. Qe2 c5 23. b4 0-0 24. b5 Rfd8 25. Rfe1 Qa5 26. Qe3 g5 27. Nxg5 hxg5 28. Bxg5 Rd5 29. Qg3 Qd8 30. h4 Rd3 31. Re3 Rxe3 32. Bxe3 Qd5 33. Bf4 Qe4 34. f3 Qf5 35. Re1 Kf8 36. Bg5 Qg6 37. Qf2 Rc8 38. Qd2 c4 39. Re4 Kg8 40. g4 Bf8 41. h5 Qh7 42. Be3 Rc7 43. Kf2 Rd7 44. Rd4 Rxd4 45. Bxd4 Qb1 46. f4 Qb3 47. Kg3 Qxa4 48. f5 Bd5 49. e6 Qa1 50. exf7+ Kxf7 51. Bxa7 Qh1 52. Bb8 Qf3+ 53. Kh4 Bg7 54. Bf4 Bf6+ 55. g5 Bxc3 56. g6+ Kf6 57. Be5+ Kxe5 58. Qc1 Qf2+ 59. Kh3 Bd2 60. Qa1+ c3 61. h6 Qg2+ 62. Kh4 Bg5+ 0-1

[Event "Pan American Intercollegiate-chT"]
[Site "South Padre Island"]
[Date "2014.12.29"]
[Round "4.1"]
[White "Berczes, David"]
[Black "Breckenridge, Steven James"]
[Result "1-0"]
[WhiteElo "2506"]
[BlackElo "2303"]
[PlyCount "91"]
[EventDate "2014.12.27"]
[EventType "team-swiss"]
[EventRounds "6"]
[EventCountry "USA"]
[SourceTitle "CBM 164 Extra"]
[Source "ChessBase"]
[SourceDate "2015.03.02"]
[SourceVersion "1"]
[SourceVersionDate "2015.03.02"]
[SourceQuality "1"]
[WhiteTeam "Dallas UT"]
[BlackTeam "TXTEK II"]
[WhiteTeamCountry "USA"]
[BlackTeamCountry "USA"]

1. Nf3 Nf6 2. c4 e6 3. g3 d5 4. d4 Be7 5. Bg2 0-0 6. 0-0 dxc4 7. Qc2 a6 8. a4 Bd7 9. Rd1 Bc6 10. Nc3 Bxf3 11. Bxf3 Nc6 12. Bxc6 bxc6 13. Bg5 Nd5 14. Bxe7 Qxe7 15. Ne4 Qb4 16. Rdc1 Rfb8 17. Ra2 Nb6 18. a5 Qb3 19. Qxb3 cxb3 20. Ra3 Nd5 21. Rxc6 Ra7 22. e3 h6 23. Kf1 g5 24. h3 Kg7 25. Ke2 Rb5 26. Rc4 Kf8 27. Nc5 Ke7 28. Kd2 Nb4 29. Nxb3 Kd6 30. e4 Nc6 31. Kc3 f6 32. Rc5 e5 33. dxe5+ Nxe5 34. Rxb5 axb5 35. f4 gxf4 36. gxf4 Ng6 37. Kb4 Nxf4 38. Nc5 c6 39. Rf3 Ke5 40. a6 h5 41. Ka5 f5 42. exf5 Nd5 43. f6 Rf7 44. Nb7 Ke4 45. Nd6+ Kxf3 46. Nxf7 1-0